[Event "Budapest FS08 FM-A"]
[Site "Budapest"]
[Date "2009.08.09"]
[Round "9"]
[White "Tuorkolias, Dimitrios"]
[Black "Letay, Gyula"]
[Result "0-1"]
[WhiteElo "1852"]
[BlackElo "2144"]
[PlyCount "84"]
[EventDate "2009.08.01"]
[EventType "tourn"]
[EventRounds "10"]
[EventCountry "HUN"]
[SourceTitle "CBM 131 Extra"]
[Source "ChessBase"]
[SourceDate "2009.09.03"]
[SourceVersion "2"]
[SourceVersionDate "2009.09.16"]
[SourceQuality "1"]

1. e4 c5 2. Nf3 a6 3. c3 Nf6 4. e5 Nd5 5. d4 cxd4 6. cxd4 e6 7. a3 b5 8. Bd3 h6 9. 0-0 Nc6 10. Bd2 Bb7 11. Nc3 Nxc3 12. Bxc3 b4 13. axb4 Nxb4 14. Bb1 a5 15. Nd2 Nd5 16. Ne4 Qb6 17. Qd2 a4 18. Rc1 Bc6 19. Bc2 Qb7 20. f3 Be7 21. Ra2 Nb6 22. Rca1 0-0 23. Qd3 g6 24. Qe3 Kg7 25. Bd2 Rh8 26. Qe2 Bd5 27. b3 axb3 28. Rxa8 Nxa8 29. Bb1 Qb6 30. Qe3 Nc7 31. Nd6 Bxd6 32. exd6 Qxd6 33. Qe5+ Qxe5 34. dxe5 Nb5 35. Ra5 Rb8 36. Kf2 Nd4 37. f4 Rc8 38. g3 b2 39. Ke3 Nb3 40. Ra2 Nxd2 41. Kxd2 Bxa2 42. Bxa2 Rc1 0-1

[Event "Budapest FS08 FM-A"]
[Site "Budapest"]
[Date "2009.08.03"]
[Round "3"]
[White "Tuorkolias, Dimitrios"]
[Black "Daamen, Ferry"]
[Result "1/2-1/2"]
[WhiteElo "1852"]
[BlackElo "2042"]
[PlyCount "97"]
[EventDate "2009.08.01"]
[EventType "tourn"]
[EventRounds "10"]
[EventCountry "HUN"]
[SourceTitle "CBM 131 Extra"]
[Source "ChessBase"]
[SourceDate "2009.09.03"]
[SourceVersion "2"]
[SourceVersionDate "2009.09.16"]
[SourceQuality "1"]

1. e4 c5 2. Nf3 d6 3. Bb5+ Nc6 4. 0-0 Bd7 5. c3 Nf6 6. Re1 a6 7. Bxc6 Bxc6 8. d4 Bxe4 9. Bg5 Bd5 10. Nbd2 b5 11. a4 e6 12. Bxf6 gxf6 13. c4 bxc4 14. Qe2 Be7 15. dxc5 dxc5 16. Nxc4 Qc7 17. a5 Qc6 18. Ra3 Rd8 19. Rb3 Rg8 20. Kf1 Qa4 21. Rc3 Rg4 22. Nb6 Qxa5 23. Nxd5 Rxd5 24. Ra3 Qb5 25. Rxa6 Qxe2+ 26. Rxe2 Rb4 27. Rc2 Bd6 28. Nd2 Bf4 29. Nc4 f5 30. h3 Bc7 31. Ke2 Kd7 32. Ra8 h5 33. Rh8 f4 34. Rf8 Ke7 35. Rc8 Kd7 36. Rf8 Rf5 37. f3 Be5 38. Rxf7+ Rxf7 39. Nxe5+ Ke8 40. Nxf7 Kxf7 41. Rxc5 Rxb2+ 42. Kf1 Kg6 43. Re5 Rb1+ 44. Kf2 Rb2+ 45. Kf1 Rb6 46. Kf2 h4 47. Kf1 Rb1+ 48. Kf2 Rb2+ 49. Kf1 1/2-1/2

[Event "Budapest FS08 FM-A"]
[Site "Budapest"]
[Date "2009.08.01"]
[Round "1"]
[White "Schenkerik, Csaba"]
[Black "Tuorkolias, Dimitrios"]
[Result "1-0"]
[WhiteElo "2153"]
[BlackElo "1852"]
[PlyCount "115"]
[EventDate "2009.08.01"]
[EventType "tourn"]
[EventRounds "10"]
[EventCountry "HUN"]
[SourceTitle "CBM 131 Extra"]
[Source "ChessBase"]
[SourceDate "2009.09.03"]
[SourceVersion "2"]
[SourceVersionDate "2009.09.16"]
[SourceQuality "1"]

1. e4 c5 2. Nf3 Nc6 3. d4 cxd4 4. Nxd4 Nf6 5. Nc3 d6 6. Bc4 e6 7. Bb3 a6 8. Be3 Na5 9. 0-0 b5 10. a3 Nxb3 11. cxb3 e5 12. Nc6 Qd7 13. Na5 Bb7 14. Qd3 h6 15. f4 Be7 16. fxe5 Ng4 17. Nxb7 Qxb7 18. exd6 Nxe3 19. Qxe3 Bxd6 20. e5 Bb8 21. Qh3 0-0 22. Rae1 Qb6+ 23. Kh1 Qe6 24. Qxe6 fxe6 25. Rxf8+ Kxf8 26. g3 Ra7 27. Kg2 Rd7 28. Re2 Rf7 29. Ne4 Rf5 30. Nc5 Ke7 31. Nd3 h5 32. a4 g5 33. Nb4 Kd7 34. Nxa6 Bxe5 35. Nc5+ Kc6 36. Nxe6 bxa4 37. bxa4 Kd6 38. Nd8 Kc5 39. b4+ Kc4 40. Rf2 Rxf2+ 41. Kxf2 h4 42. Nc6 hxg3+ 43. hxg3 Bc7 44. Kf3 Kd5 45. b5 Kc5 46. g4 Bf4 47. Ke4 Bd2 48. Kf5 Be3 49. Ke6 Kb6 50. Kd5 Bf2 51. Kc4 Be3 52. a5+ Kc7 53. Nb4 Bd2 54. b6+ Kb7 55. Kb5 Be3 56. a6+ Kb8 57. Nc6+ Kc8 58. b7+ 1-0